000 00930nam a2200289 a 4500
001 26487
003 CO-ViMGA
008 141112s2004 ck r 000 u spa d
020 _a9789581414383
040 _aCO-ViMGA
_bspa
_cCO-ViMGA
041 _aSPA
090 _aC TOL1
100 1 _aTolstoi, León Nikolayevich, 1828 - 1910
_941374
245 1 0 _aKarma /
_cLeón Tolstoi ; traducción de Enrique Moya Carrión ; ilustraciones de Esther Saura Múzquiz
250 _a1a ed.
260 _aBogotá :
_bGadir,
_c2014
300 _a50 p. : il. col.
490 _aEl bosque viejo
500 _aIncluye biografía del autor.
650 1 4 _aAUTORES RUSOS - SIGLO XIX
_941375
650 1 4 _aBIEN Y MAL - CUENTO
_941376
650 1 4 _aDESDE LOS 12 AÑOS
_92195
650 1 4 _aLITERATURA JUVENIL RUSA - SIGLO XIX
_941377
700 1 _aMoya Carrión, Enrique
_941378
700 1 _aSaura Múzquiz, Esther
_941379
942 _2ddc
_cBK
999 _c2451
_d2451